| 000 | 00739nam a2200229Ii 4500 | ||
|---|---|---|---|
| 003 | JO-AjNU | ||
| 008 | 230605s9999||||xx |||||||||||||| ||und|| | ||
| 017 | _a83/4832 | ||
| 020 | _a977-100-033-0 | ||
| 040 |
_aJO-AjNU _bara _erda _cJO-AjNU |
||
| 041 | _aara | ||
| 050 | 1 | 4 | _aBF721.D58.1984 |
| 100 | 3 |
_aالديواني،مصطفى, _eauthor _910114 |
|
| 245 | 0 | 0 | _aحياة الطفل في الصحة والمرض في المنزل والمدرسة |
| 250 | _aط11 | ||
| 264 | 3 | 1 | _aالقاهرة:مكتبة النهضة المصرية ، 1984 |
| 300 | _a259ص | ||
| 336 |
_atext _btxt _2rdacontent |
||
| 337 |
_aunmediated _bn _2rdamedia |
||
| 338 |
_avolume _bnc _2rdacarrier |
||
| 650 | 4 |
_aالاطفال-صحة ونظافة _910115 |
|
| 999 |
_aA1643 _c5211 _d5211 |
||